000 01015nam a2200325 i 4500
005 20260226192332.0
008 120113s2011 mx a 000 0 spadd
020 _a9789589446409
041 _aESP
082 _a001.42 B352p
100 1 _aBautista, Nelly Patricia.
245 1 0 _aProceso de la investigación cualitativa: epistemología, metodología y aplicaciones
260 _aColombia
260 _bManantial
260 _c2011
300 _a254 páginas
_bIlustraciones y fotos a blanco y negro
490 _aTemática General
650 4 _aMÉTODO DE INVESTIGACIÓN
650 4 _aINVESTIGACIÓN CIENTÍFICA
650 4 _aMETODOLOGÍA CIENTÍFICA
650 4 _aINVESTIGACIÓN CUALITATIVA
650 4 _aINVESTIGACIÓN ETNOGRÁFICA
650 4 _aINVESTIGACIÓN ACCIÓN PARTICIPATIVA
650 4 _aINVESTIGACIÓN SOCIAL
650 4 _aPROYECTO DE INVESTIGACIÓN
650 4 _aPERPECTIVAS EPISTEMOLÓGICAS
650 4 _aEVALUACIÓN DE RESULTADOS
650 4 _aINFORME
942 _cBK
_2ddc
999 _c8251
_d8251